| 000 | 01038cab a2200217 4500 | ||
|---|---|---|---|
| 001 | ABS42953 | ||
| 008 | 090401t1990 xxu||||| |||| 00| 0 eng d | ||
| 035 | _a(Sirsi) u39702 | ||
| 041 | _aeng | ||
| 245 | _aR v Richmond upon Thames LBC, ex parte McCarthy & Stone (Developments) Ltd | ||
| 260 | _c1990 | ||
| 350 | _a0 | ||
| 490 |
_aWeekly Law Reports _v(1990) 2 WLR 1294-1304(11) |
||
| 520 | _aCA 28 February 1990 Developers (M) challenged the local authority`s (R) right to levy a charge for inquiries relating to speculative re development and development proposals by prospective purchasers, on the ground that R had no power to do so. On an application by M for judicial review of R`s decision not to revoke its policy, held that R did have the power under Local Government Act 1972 s111(1) . On appeal by M, CA upheld the decision. | ||
| 650 | _aCASE LAW | ||
| 650 | _aLOCAL AUTHORITIES | ||
| 650 | _aPRE-PLANNING APPLICATION INQUIRIES | ||
| 690 | _aPLANNING LAW AND PRACTICE-CASE LAW | ||
| 942 | _n0 | ||
| 948 | _c04/03/1997 | ||
| 999 |
_c25431 _d25431 |
||